Tai Chi

Sábháilte in:
Sonraí bibleagrafaíochta
Príomhchruthaitheoir: Verdugo, Esther (Údar)
Formáid: LEABHAR
Teanga:Spáinnis
Foilsithe / Cruthaithe: Madrid LIBSA 2007
Sraith:Técnicas Milenarias
Ábhair:
Clibeanna: Cuir clib leis
Níl clibeanna ann, Bí ar an gcéad duine le clib a chur leis an taifead seo!

MARC

LEADER 00000cam a2200000 a 4500
001 UCG9942
003 CL-VaPUC
008 120420e20070000SP |||||||||||||||||spa|d
020 |a 9788466209267 
020 |a 9789562570565 
082 0 4 |a 796.815  |b VER  |2 21 
100 0 |a Verdugo, Esther  |e author  |9 561711 
245 1 0 |a Tai Chi 
300 |a 191 p 
942 |c BK 
945 |d 20120420 00:00:00  |a cmena 
260 |a Madrid  |b LIBSA  |c 2007 
650 0 |a Deportes  |9 224367 
650 7 |a TAI CHI  |2 CL-VaPUC  |9 312627 
650 7 |a DEPORTES DE COMBATE  |2 CL-VaPUC  |9 341527 
650 0 |a Artes marciales   |9 311835 
650 7 |a ENTRENAMIENTO FISICO  |2 CL-VaPUC  |9 307393 
650 0 |a Actividad física  |9 362156 
583 |a last modification  |c 20120420 11:58:00  |k Rodrigo Vera 
490 0 |a Técnicas Milenarias 
999 |c 347468  |d 347466 
952 |0 0  |1 0  |4 0  |6 796_815000000000000_VER_2007  |7 0  |8 A  |9 448838  |a BIBING  |b BIBING  |d 2019-11-22  |i 4860225  |l 4  |o 796.815 VER 2007  |p 4860225  |r 2025-01-20  |s 2024-05-14  |w 2019-11-22  |y BK  |k CUI